00524nam a2200181 450000500170000001000150001702000260003203500140005803700090007208200130008110000340009424500570012825000100018526000570019527000570025230000200030949000130032920241028113238.0 aENG-142472 c200.00a9789380335094 aEN-126004 bDBAD a215.0954 aRajagopalchari, Parthasarathi aCall of Spirituality/bParthasarathi Rajagopalachari aFirst bSpritiual Hierarchy Publication Trustc2010aKolkata aNorth Block, 2/3, Judges Court RoadbKolkatae700027 a201p.c22cm(pb) aVolume 1